000 00856nam a2200193 4500
001 138905
003 ES-MaACL
005 20250903024554.0
007 t|
008 070214s1946 sp r ||||1| spa d
100 1 _aSanvicens Marfull, Francisco.
_9103554
245 1 0 _aContribución al estudio del movimiento estacionario de los hilos inextensibles
_b: memoria presentada para aspirar al grado de Doctor en Ciencias Exactas /
_cpor Francisco Sanvicens Marfull.
260 _aBarcelona :
_b[s. n.],
_c1946 (
_fImp. Escuela Casa Provincial de Caridad)
300 _a62 p. :
_bil. ;
_c25 cm.
500 _aPrecede al tít.: Consejo Superior de Investigaciones Científicas. Seminario Matemático de Barcelona.
710 2 _aUniversidad de Barcelona.
_bSeminario Matemático
_96564
852 _aES-MaACL
_j1881-F-10
_bR.25698
999 _c138905
_d138905